• 首页
  • 本馆介绍
  • 公告通知
  • 最新文献
  • 馆藏检索
  • 电子资源
  • 读者导购
  • 参考咨询
  • 我的图书馆
  • 登录
  • 详细信息显示
  • 放入我的书架
  • 预约/预借图书
  • 作者相关作品
  • 分类相关作品
  • 丛书相关作品
  • 出版社相关作品

书目信息

  • 表格格式
  • 工作单格式
  • 卡片格式
题名:
中国百年畅销书
    
 
作者: 徐丽芳 编著
分册:  
出版信息: 西安   陕西师范大学出版社  2001
页数: 410页
开本: 20cm
丛书名: 世纪阅读文库
单 册:
中图分类: G239.29
科图分类:
主题词: 图书--内容提要--世界--20世纪 , 图书 , 出版工作
电子资源:
ISBN: 7-5613-2296-8
000 00879oam2 2200277 450
001 1261260147
005 20121005170150.84
010    @a7-5613-2296-8@dCNY21.00
100    @a20020328d2001 em y0chiy0110 ea
101 0  @achi
102    @aCN@b610000
105    @ay d 000yy
200 1  @a中国百年畅销书@Azhong guo bai nian chang xiao shu@f徐丽芳等编著
210    @a西安@c陕西师范大学出版社@d2001
215    @a410页@d20cm
225 2  @a世纪阅读文库@v4
308    @a文库第一辑
330    @a本书分为百年畅销书回眸和百年畅销书选介两部分。选介20世纪中外畅销书约90部。其中有:《天演论》、《巴黎茶花女遗事》、《官场现形记》等。
461  0 @12001 @a世纪阅读文库
606 0  @a图书@x内容提要@y世界@z20世纪
606 0  @a图书
606 0  @a出版工作
690    @aG239.29@v4
701  0 @a徐丽芳@Axu li fang@4编著
801  0 @aCN@bNLC@c20101222
905    @a10447@dG239.29@eJY127
    
    中国百年畅销书/徐丽芳等编著.-西安:陕西师范大学出版社,2001
    410页;20cm.-(世纪阅读文库;4)
    
    
    ISBN 7-5613-2296-8:CNY21.00
    本书分为百年畅销书回眸和百年畅销书选介两部分。选介20世纪中外畅销书约90部。其中有:《天演论》、《巴黎茶花女遗事》、《官场现形记》等。
●
相关链接 在E读中查询图书 在五车中查询图书 在当当中查询图书 在豆瓣中查询图书


正题名:中国百年畅销书     索取号:G239.29/JY127         预约/预借

序号 登录号 条形码 馆藏地/架位号 状态 备注
1 7814815   278148158   学院路分馆/ [索取号:G239.29/JY127] 在馆    
2 7814816   278148167   学院路分馆/ [索取号:G239.29/JY127] 在馆    
3 7814817   278148176   学院路分馆/ [索取号:G239.29/JY127] 在馆    
唐山师范学院图书馆 欢迎您!
大连网信软件有限公司© 版权所有